[Event "Alcorcon Diagonal op 2nd"]
[Site "Alcorcon"]
[Date "2023.12.27"]
[Round "3"]
[White "Lopez Ramirez, Jorge Hernan"]
[Black "Lorenzo Martin, Hector"]
[Result "1-0"]
[WhiteElo "1915"]
[BlackElo "1465"]
[PlyCount "83"]
[EventDate "2023.12.26"]
[EventType "swiss"]
[EventRounds "9"]
[EventCountry "ESP"]
[SourceTitle "CBM 217 Extra"]
[Source "ChessBase"]
[SourceDate "2024.01.31"]
[SourceVersion "1"]
[SourceVersionDate "2024.01.31"]
[SourceQuality "1"]

1. e4 e6 2. d4 d5 3. Nd2 dxe4 4. Nxe4 Nd7 5. Bd3 Ngf6 6. c3 c5 7. Nf3 Nxe4 8. Bxe4 Nf6 9. Bc2 cxd4 10. cxd4 Bb4+ 11. Bd2 Qa5 12. 0-0 Bxd2 13. Nxd2 0-0 14. Nc4 Qd8 15. Re1 b5 16. Ne5 Bb7 17. Ng4 Rc8 18. Rc1 g6 19. Re5 Nxg4 20. Qxg4 Bd5 21. Qf4 Qc7 22. Qh6 Rfd8 23. h4 f6 24. Ree1 Qg7 25. Qe3 f5 26. Bb3 Qf6 27. Bxd5 exd5 28. Rxc8 Rxc8 29. Qe5 Qc6 30. Re3 b4 31. h5 Qc1+ 32. Re1 Qc6 33. h6 Rc7 34. g3 Qd7 35. Kg2 Rc2 36. Qb8+ Kf7 37. Qh8 Rc7 38. Qxh7+ Kf6 39. Qh8+ Kg5 40. Qe5 Kxh6 41. Rh1+ Kg5 42. f4+ 1-0